000
00204 a2200097 4500
001
43256
100
_a
Cook
245
_a
Single handers
260
_a
London
_b
Granada publishing
_c
090
_c
27098
_d
27098
942
_a
NUST-CAE
_c
_c
19000
999
_c
278329
_d
278329